[Event "Titled Tuesday intern op 10th Oct Late"]
[Site "Chess.com INT"]
[Date "2023.10.10"]
[Round "11"]
[White "Amburgy, Ryan"]
[Black "Sapis, Witalis"]
[Result "1-0"]
[WhiteElo "2219"]
[BlackElo "2378"]
[PlyCount "137"]
[EventDate "2023.10.10"]
[EventType "swiss (blitz)"]
[EventRounds "11"]
[EventCountry "USA"]
[SourceTitle "EXT 2025"]
[Source "ChessBase"]
[SourceDate "2024.10.14"]
[SourceVersion "1"]
[SourceVersionDate "2024.10.14"]
[SourceQuality "1"]

1. d4 Nf6 2. c4 c6 3. Nf3 d5 4. Nc3 dxc4 5. a4 Bg4 6. Ne5 Bh5 7. f3 Nfd7 8. Nxc4 e5 9. Nxe5 Nxe5 10. dxe5 Nd7 11. e6 fxe6 12. g3 Bb4 13. Bh3 Qe7 14. Be3 a5 15. 0-0 0-0 16. Ne4 Nf6 17. Nxf6+ Qxf6 18. Qb3 Bf7 19. Rad1 e5 20. Qc2 Bd5 21. Bc5 Rfd8 22. e4 Be6 23. Bxe6+ Qxe6 24. Bxb4 axb4 25. Rxd8+ Rxd8 26. Rd1 Rd4 27. Rxd4 exd4 28. f4 b3 29. Qd3 c5 30. a5 Kf8 31. Kg2 Ke7 32. Kf3 Qa6 33. Qxb3 Qf1+ 34. Kg4 Qe2+ 35. Kh3 Qxe4 36. Qb6 Qd5 37. b4 c4 38. b5 d3 39. a6 bxa6 40. bxa6 d2 41. Qc7+ Kf6 42. Qb6+ Ke7 43. Qc7+ Qd7+ 44. Qxd7+ Kxd7 45. a7 d1Q 46. a8Q Qf1+ 47. Kh4 Qd3 48. Qb7+ Kd6 49. Qxg7 c3 50. Qh6+ Kc5 51. Qf8+ Kc4 52. Qc8+ Kb3 53. f5 c2 54. f6 Qc4+ 55. Qxc4+ Kxc4 56. f7 c1Q 57. f8Q Qd2 58. Qf4+ Qxf4+ 59. gxf4 Kd5 60. Kg5 Ke6 61. h4 Kf7 62. Kf5 h6 63. h5 Kg7 64. Ke6 Kf8 65. Kf6 Kg8 66. Kg6 Kf8 67. Kxh6 Kf7 68. Kg5 Kg7 69. f5 1-0

[Event "Titled Tuesday intern op 10th Oct Late"]
[Site "Chess.com INT"]
[Date "2023.10.10"]
[Round "8"]
[White "Kavutskiy, Konstantin"]
[Black "Sapis, Witalis"]
[Result "0-1"]
[WhiteElo "2394"]
[BlackElo "2378"]
[PlyCount "112"]
[EventDate "2023.10.10"]
[EventType "swiss (blitz)"]
[EventRounds "11"]
[EventCountry "USA"]
[SourceTitle "EXT 2025"]
[Source "ChessBase"]
[SourceDate "2024.10.14"]
[SourceVersion "1"]
[SourceVersionDate "2024.10.14"]
[SourceQuality "1"]

1. Nf3 d5 2. e3 c6 3. c4 Nf6 4. Nc3 a6 5. b3 Bg4 6. Bb2 e6 7. h3 Bh5 8. Be2 Nbd7 9. d4 Bd6 10. g4 Bg6 11. Nh4 Be4 12. Nxe4 Nxe4 13. Nf3 Qa5+ 14. Kf1 0-0 15. a3 f5 16. Kg2 Qd8 17. Qe1 Qf6 18. Kg1 fxg4 19. hxg4 Qg6 20. Nh4 Qf6 21. Nf3 Qg6 22. Nh4 Qf7 23. Nf3 Ndf6 24. Ne5 Bxe5 25. dxe5 Nxg4 26. Bxg4 Qg6 27. Rh2 Qxg4+ 28. Rg2 Qf3 29. Qd1 Qxd1+ 30. Rxd1 Rf3 31. cxd5 exd5 32. Rc1 Raf8 33. Rc2 R8f5 34. e6 Rg5 35. Rxg5 Nxg5 36. Kg2 Rf5 37. e7 Kf7 38. f4 Ne6 39. Kf3 Kxe7 40. Kg4 g6 41. Rh2 h5+ 42. Kg3 Nc5 43. a4 Nxb3 44. Ba3+ Ke6 45. Rb2 Na5 46. Bc5 b5 47. axb5 axb5 48. Ra2 Nb3 49. Bb4 d4 50. exd4 Nxd4 51. Ra6 Kd5 52. Be7 Ne2+ 53. Kf2 Nxf4 54. Ke1 Ne6 55. Ra8 Nc7 56. Kd1 Nxa8 0-1

[Event "Titled Tuesday intern op 10th Oct Late"]
[Site "Chess.com INT"]
[Date "2023.10.10"]
[Round "2"]
[White "Kim, Sergey2"]
[Black "Sapis, Witalis"]
[Result "0-1"]
[WhiteElo "2295"]
[BlackElo "2378"]
[PlyCount "82"]
[EventDate "2023.10.10"]
[EventType "swiss (blitz)"]
[EventRounds "11"]
[EventCountry "USA"]
[SourceTitle "EXT 2025"]
[Source "ChessBase"]
[SourceDate "2024.10.14"]
[SourceVersion "1"]
[SourceVersionDate "2024.10.14"]
[SourceQuality "1"]

1. d4 Nf6 2. c4 c6 3. Nf3 d5 4. Qc2 g6 5. e3 Bg7 6. Bd3 0-0 7. 0-0 c5 8. dxc5 Na6 9. a3 Nxc5 10. Nc3 Nxd3 11. Qxd3 dxc4 12. Qxc4 Qb6 13. Qh4 Be6 14. e4 Rfd8 15. e5 Nd5 16. Ng5 h6 17. Nxe6 Qxe6 18. Nxd5 Rxd5 19. f4 Rad8 20. Be3 a6 21. h3 Rd3 22. Rf3 R8d7 23. Raf1 Qf5 24. Bc5 Rxf3 25. Rxf3 g5 26. Qh5 Qb1+ 27. Kh2 gxf4 28. e6 Rc7 29. Qxf7+ Kh8 30. Bxe7 Rc1 31. Rxf4 Rh1+ 32. Kg3 Qe1+ 33. Kg4 Qe2+ 34. Kf5 Qxg2 35. Bf6 Qxh3+ 36. Ke5 Qe3+ 37. Kf5 Qh3+ 38. Ke5 Qe3+ 39. Kf5 Qc5+ 40. Kg4 Rg1+ 41. Kh3 Qe3+ 0-1

[Event "Titled Tuesday intern op 10th Oct Late"]
[Site "Chess.com INT"]
[Date "2023.10.10"]
[Round "3"]
[White "Sapis, Witalis"]
[Black "Asylov, Miras"]
[Result "1-0"]
[WhiteElo "2378"]
[BlackElo "2205"]
[PlyCount "55"]
[EventDate "2023.10.10"]
[EventType "swiss (blitz)"]
[EventRounds "11"]
[EventCountry "USA"]
[SourceTitle "EXT 2025"]
[Source "ChessBase"]
[SourceDate "2024.10.14"]
[SourceVersion "1"]
[SourceVersionDate "2024.10.14"]
[SourceQuality "1"]

1. Nf3 g6 2. g3 Bg7 3. Bg2 Nf6 4. 0-0 0-0 5. d4 d6 6. c4 Nc6 7. Nc3 e5 8. d5 Nb8 9. e4 a5 10. h3 Na6 11. Be3 Nd7 12. a3 Nac5 13. b4 axb4 14. axb4 Rxa1 15. Qxa1 Na6 16. Qa3 h6 17. c5 f5 18. c6 bxc6 19. dxc6 Nf6 20. b5 Nc5 21. Bxc5 dxc5 22. Qxc5 Nxe4 23. Nxe4 fxe4 24. Nxe5 Qf6 25. Nd7 Qf5 26. Qc4+ Rf7 27. Bxe4 Qxh3 28. Bxg6 1-0

[Event "Titled Tuesday intern op 10th Oct Late"]
[Site "Chess.com INT"]
[Date "2023.10.10"]
[Round "5"]
[White "Sapis, Witalis"]
[Black "Troff, Kayden W"]
[Result "0-1"]
[WhiteElo "2378"]
[BlackElo "2483"]
[PlyCount "64"]
[EventDate "2023.10.10"]
[EventType "swiss (blitz)"]
[EventRounds "11"]
[EventCountry "USA"]
[SourceTitle "EXT 2025"]
[Source "ChessBase"]
[SourceDate "2024.10.14"]
[SourceVersion "1"]
[SourceVersionDate "2024.10.14"]
[SourceQuality "1"]

1. Nf3 Nf6 2. g3 g6 3. Bg2 Bg7 4. 0-0 0-0 5. d4 d5 6. c4 c6 7. Qb3 Qb6 8. Nc3 Be6 9. c5 Qxb3 10. axb3 a6 11. b4 Nbd7 12. Nd2 Bf5 13. Nb3 e5 14. dxe5 Nxe5 15. Nd4 Bd7 16. Rd1 Rfe8 17. h3 Rad8 18. b3 Bf5 19. Nxf5 gxf5 20. Be3 Ne4 21. Bd4 Ng6 22. Na4 f4 23. g4 Nh4 24. Rac1 Ng5 25. Bxg7 Kxg7 26. Rc2 f3 27. exf3 Ngxf3+ 28. Bxf3 Nxf3+ 29. Kf1 Re4 30. Rc3 Ng5 31. Nb2 Rxb4 32. Kg2 Ne4 0-1

[Event "Titled Tuesday intern op 10th Oct Early"]
[Site "Chess.com INT"]
[Date "2023.10.10"]
[Round "6"]
[White "Sapis, Witalis"]
[Black "Vaglio Munoz, Jaime"]
[Result "0-1"]
[WhiteElo "2378"]
[BlackElo "2174"]
[PlyCount "68"]
[EventDate "2023.10.10"]
[EventType "swiss (blitz)"]
[EventRounds "11"]
[EventCountry "USA"]
[SourceTitle "EXT 2025"]
[Source "ChessBase"]
[SourceDate "2024.10.14"]
[SourceVersion "1"]
[SourceVersionDate "2024.10.14"]
[SourceQuality "1"]

1. Nf3 b5 2. g3 Bb7 3. Bg2 g6 4. 0-0 Bg7 5. a4 b4 6. c3 a5 7. d4 Nf6 8. Nbd2 0-0 9. Nc4 d6 10. Bg5 Ne4 11. Qc2 Nxg5 12. Nxg5 Bxg2 13. Kxg2 e5 14. Nf3 exd4 15. cxd4 Nd7 16. Rac1 c5 17. Rfd1 Qc7 18. dxc5 dxc5 19. b3 Rac8 20. Qd3 Rfd8 21. Qd6 Qa7 22. Rd3 Bf6 23. Rcd1 Kg7 24. Qf4 Nf8 25. Rxd8 Rxd8 26. Rxd8 Bxd8 27. Qd6 Ne6 28. Nfe5 Be7 29. Qd5 Bf6 30. h4 h5 31. Nd6 Bxe5 32. Qxe5+ Kg8 33. Ne8 Qa8+ 34. f3 Qxe8 0-1

[Event "WchT Seniors 50"]
[Site "Struga"]
[Date "2023.09.19"]
[Round "1.2"]
[White "Sapis, Witalis"]
[Black "Escofet Fernandez, Jaime"]
[Result "1-0"]
[WhiteElo "2375"]
[BlackElo "1902"]
[PlyCount "54"]
[EventDate "2023.09.19"]
[EventType "team-swiss"]
[EventRounds "9"]
[EventCountry "MKD"]
[SourceTitle "CBM 216 Extra"]
[Source "ChessBase"]
[SourceDate "2023.11.30"]
[SourceVersion "1"]
[SourceVersionDate "2023.11.30"]
[SourceQuality "1"]
[WhiteTeam "Poland 50"]
[BlackTeam "Uruguay 50"]
[WhiteTeamCountry "POL"]
[BlackTeamCountry "URU"]

1. d4 d5 2. Nf3 c6 3. Bf4 Nf6 4. e3 Bf5 5. c4 Qa5+ 6. Nc3 e6 7. Qb3 Bb4 8. Rc1 Nbd7 9. a3 Bxc3+ 10. bxc3 0-0 11. Be2 dxc4 12. Bxc4 b5 13. Be2 a6 14. 0-0 c5 15. c4 bxc4 16. Bxc4 Rfc8 17. Rfd1 cxd4 18. Nxd4 Nc5 19. Qb4 Qxb4 20. axb4 Ncd7 21. Nxf5 exf5 22. Bd3 Rxc1 23. Rxc1 g6 24. Ra1 Nd5 25. Bd6 Nb8 26. e4 Nb6 27. exf5 Kg7 1-0

[Event "POL-chT 2nd League"]
[Site "Jastrzebia Gora"]
[Date "2022.09.11"]
[Round "9.13"]
[White "Lubczynski, Rafal"]
[Black "Sapis, Witalis"]
[Result "1/2-1/2"]
[WhiteElo "2413"]
[BlackElo "2378"]
[PlyCount "25"]
[EventDate "2022.09.03"]
[EventType "team-swiss"]
[EventRounds "9"]
[EventCountry "POL"]
[SourceTitle "CBM 210 Extra"]
[Source "ChessBase"]
[SourceDate "2022.11.30"]
[SourceVersion "1"]
[SourceVersionDate "2022.11.30"]
[SourceQuality "1"]
[WhiteTeam "Wroclaw Kopernik"]
[BlackTeam "Grzybowo GKSz Solny"]
[WhiteTeamCountry "POL"]
[BlackTeamCountry "POL"]

1. Nf3 d5 2. c4 c6 3. b3 Nf6 4. Bb2 Bg4 5. d3 e6 6. Nbd2 Nbd7 7. g3 Be7 8. Bg2 0-0 9. 0-0 a5 10. a3 b5 11. cxb5 cxb5 12. Rc1 Rc8 13. Rxc8 1/2-1/2

[Event "POL-chT 2nd League"]
[Site "Jastrzebia Gora"]
[Date "2022.09.07"]
[Round "5.7"]
[White "Marczuk, Dominik"]
[Black "Sapis, Witalis"]
[Result "1/2-1/2"]
[WhiteElo "2281"]
[BlackElo "2378"]
[PlyCount "24"]
[EventDate "2022.09.03"]
[EventType "team-swiss"]
[EventRounds "9"]
[EventCountry "POL"]
[SourceTitle "CBM 210 Extra"]
[Source "ChessBase"]
[SourceDate "2022.11.30"]
[SourceVersion "1"]
[SourceVersionDate "2022.11.30"]
[SourceQuality "1"]
[WhiteTeam "Krakow KKSz"]
[BlackTeam "Grzybowo GKSz Solny"]
[WhiteTeamCountry "POL"]
[BlackTeamCountry "POL"]

1. c4 c6 2. d4 d5 3. cxd5 cxd5 4. Nc3 Nf6 5. Bf4 Nc6 6. e3 a6 7. Bd3 Bg4 8. Nge2 e6 9. 0-0 Be7 10. Rc1 Bh5 11. a3 Bg6 12. h3 Ng8 1/2-1/2

[Event "Titled Tuesday intern op 12th May"]
[Site "Chess.com INT"]
[Date "2020.05.12"]
[Round "5"]
[White "De Silva, LMST"]
[Black "Sapis, Witalis"]
[Result "1-0"]
[WhiteElo "2114"]
[BlackElo "2382"]
[PlyCount "93"]
[EventDate "2020.05.12"]
[EventType "swiss (blitz)"]
[EventRounds "10"]
[EventCountry "USA"]
[SourceTitle "CBM 196 Extra"]
[Source "ChessBase"]
[SourceDate "2020.07.31"]
[SourceVersion "1"]
[SourceVersionDate "2020.07.31"]
[SourceQuality "1"]

1. e4 c6 2. c4 d5 3. cxd5 cxd5 4. exd5 Nf6 5. Nc3 g6 6. Bc4 Bg7 7. Nge2 0-0 8. 0-0 Na6 9. d3 Nc7 10. Nf4 a6 11. a4 Rb8 12. a5 Nfe8 13. Be3 Nd6 14. Bb6 Bd7 15. Rc1 Nc8 16. Be3 Nb5 17. Bxb5 Bxb5 18. Nxb5 axb5 19. b4 Qd6 20. Qd2 g5 21. Ne2 h6 22. Bc5 Qxd5 23. f4 Nd6 24. Bxd6 exd6 25. fxg5 Qxg5 26. Qxg5 hxg5 27. Rf5 f6 28. Rxb5 Rfe8 29. Kf1 Re3 30. Rc7 Rxd3 31. Rbxb7 Rxb7 32. Rxb7 Ra3 33. Nd4 f5 34. Nxf5 Be5 35. Ne7+ Kf7 36. Nc6+ Ke6 37. Nxe5 dxe5 38. Rb6+ Kf5 39. a6 e4 40. b5 Kf4 41. Rb7 Ke3 42. g3 Ra2 43. a7 Kf3 44. Rf7+ Kg4 45. b6 e3 46. Rf8 Rf2+ 47. Rxf2 1-0

[Event "Titled Tuesday intern op 12th May"]
[Site "Chess.com INT"]
[Date "2020.05.12"]
[Round "1"]
[White "Sapis, Witalis"]
[Black "Aravindh, Chithambaram VR"]
[Result "0-1"]
[WhiteElo "2382"]
[BlackElo "2641"]
[PlyCount "112"]
[EventDate "2020.05.12"]
[EventType "swiss (blitz)"]
[EventRounds "10"]
[EventCountry "USA"]
[SourceTitle "CBM 196 Extra"]
[Source "ChessBase"]
[SourceDate "2020.07.31"]
[SourceVersion "1"]
[SourceVersionDate "2020.07.31"]
[SourceQuality "1"]

1. d4 Nf6 2. c4 e6 3. Nf3 d5 4. cxd5 exd5 5. Nc3 c6 6. Bg5 Be7 7. Qc2 Nbd7 8. e3 Nh5 9. Bxe7 Qxe7 10. 0-0-0 Nb6 11. Bd3 g6 12. Ne5 Be6 13. Kb1 0-0-0 14. Rc1 Kb8 15. Na4 Nxa4 16. Qxa4 f6 17. Nf3 Ng7 18. Nd2 Bf5 19. Rc3 Qd7 20. Ka1 Rhe8 21. Rhc1 Re7 22. Bxf5 Nxf5 23. Ra3 a6 24. Nb3 Nd6 25. Nc5 Qc8 26. Qb4 Ka7 27. Rb3 Qc7 28. a4 a5 29. Qc3 b6 30. Nd3 Nc4 31. Qc2 Rc8 32. Rc3 Kb7 33. b3 Nd6 34. Qb2 Qd8 35. Nf4 g5 36. Nd3 Rec7 37. R3c2 h5 38. h3 Qe7 39. Qc3 Ne4 40. Qb2 h4 41. Ka2 Nd6 42. Qc3 Qe4 43. Ne1 c5 44. Qd3 Qxd3 45. Nxd3 cxd4 46. Rxc7+ Rxc7 47. Rxc7+ Kxc7 48. exd4 Nf5 49. b4 Nxd4 50. bxa5 bxa5 51. Kb2 Kd6 52. Kc3 Ne2+ 53. Kd2 Nf4 54. Nxf4 gxf4 55. Ke2 d4 56. Kf3 d3 0-1

[Event "Titled Tuesday intern op 14th April"]
[Site "Chess.com INT"]
[Date "2020.04.14"]
[Round "2"]
[White "Sapis, Witalis"]
[Black "Corvi, Marco"]
[Result "1-0"]
[WhiteElo "2382"]
[BlackElo "2258"]
[PlyCount "85"]
[EventDate "2020.04.14"]
[EventType "swiss (blitz)"]
[EventRounds "10"]
[EventCountry "USA"]
[SourceTitle "EXT 2021"]
[Source "ChessBase"]
[SourceDate "2020.10.23"]
[SourceVersion "1"]
[SourceVersionDate "2020.10.23"]
[SourceQuality "1"]

1. d4 f5 2. Bf4 d6 3. e3 e6 4. c4 Nf6 5. Nc3 Be7 6. h3 0-0 7. Nf3 Nc6 8. a3 Ne4 9. Nxe4 fxe4 10. Nd2 d5 11. Rc1 Rxf4 12. exf4 Nxd4 13. Nb3 Nxb3 14. Qxb3 d4 15. c5 Kh8 16. g3 Qd5 17. Qxd5 exd5 18. b4 c6 19. Be2 d3 20. Bg4 Bf6 21. Kd2 Kg8 22. Rb1 a6 23. f3 a5 24. Bxc8 Rxc8 25. fxe4 dxe4 26. Rhe1 axb4 27. Rxb4 Ra8 28. Rexe4 Rxa3 29. Rxb7 h6 30. Re6 Bd4 31. Rxc6 Bf2 32. Rcc7 Bd4 33. c6 Bc3+ 34. Kxd3 Ba5+ 35. Ke4 Bxc7 36. Rxc7 Rxg3 37. Rd7 Rc3 38. c7 Kh7 39. f5 Rc1 40. f6 Re1+ 41. Kd5 Rd1+ 42. Ke6 Re1+ 43. Kf7 1-0

[Event "POL-chT 1st League"]
[Site "Dzwirzyno"]
[Date "2019.09.11"]
[Round "5.5"]
[White "Golubka, Petr"]
[Black "Sapis, Witalis"]
[Result "1/2-1/2"]
[WhiteElo "2479"]
[BlackElo "2376"]
[PlyCount "24"]
[EventDate "2019.09.07"]
[EventType "team-tourn"]
[EventRounds "9"]
[EventCountry "POL"]
[SourceTitle "EXT 2020"]
[Source "ChessBase"]
[SourceDate "2019.10.17"]
[SourceVersion "1"]
[SourceVersionDate "2019.10.17"]
[SourceQuality "1"]
[WhiteTeam "Plock Hetman"]
[BlackTeam "Grzybowo GKSz Solny"]
[WhiteTeamCountry "POL"]
[BlackTeamCountry "POL"]

1. d4 c6 2. c4 d5 3. Nc3 Nf6 4. Nf3 a6 5. b3 Bf5 6. e3 e6 7. Bb2 Nbd7 8. Bd3 Bxd3 9. Qxd3 b5 10. 0-0 Be7 11. Nd2 0-0 12. Rfd1 Qb8 1/2-1/2

[Event "POL-chT 1st League"]
[Site "Dzwirzyno"]
[Date "2019.09.09"]
[Round "3.4"]
[White "Chylewski, Patryk"]
[Black "Sapis, Witalis"]
[Result "1/2-1/2"]
[WhiteElo "2342"]
[BlackElo "2376"]
[PlyCount "41"]
[EventDate "2019.09.07"]
[EventType "team-tourn"]
[EventRounds "9"]
[EventCountry "POL"]
[SourceTitle "EXT 2020"]
[Source "ChessBase"]
[SourceDate "2019.10.17"]
[SourceVersion "1"]
[SourceVersionDate "2019.10.17"]
[SourceQuality "1"]
[WhiteTeam "Chylice Laura"]
[BlackTeam "Grzybowo GKSz Solny"]
[WhiteTeamCountry "POL"]
[BlackTeamCountry "POL"]

1. d4 Nf6 2. c4 c6 3. Nc3 d5 4. cxd5 cxd5 5. Bf4 Nc6 6. e3 a6 7. Bd3 Bg4 8. Nge2 e6 9. 0-0 Bd6 10. f3 Bh5 11. Rc1 Bg6 12. Bxd6 Qxd6 13. Nf4 0-0 14. Bxg6 hxg6 15. Nd3 e5 16. dxe5 Nxe5 17. Nxe5 Qxe5 18. Qd4 Qe7 19. Nxd5 Nxd5 20. Qxd5 Qxe3+ 21. Kh1 1/2-1/2

[Event "POL-chT 1st League"]
[Site "Dzwirzyno"]
[Date "2019.09.07"]
[Round "1.3"]
[White "Szwed, Jacek"]
[Black "Sapis, Witalis"]
[Result "1/2-1/2"]
[WhiteElo "2370"]
[BlackElo "2376"]
[PlyCount "54"]
[EventDate "2019.09.07"]
[EventType "team-tourn"]
[EventRounds "9"]
[EventCountry "POL"]
[SourceTitle "EXT 2020"]
[Source "ChessBase"]
[SourceDate "2019.10.17"]
[SourceVersion "1"]
[SourceVersionDate "2019.10.17"]
[SourceQuality "1"]
[WhiteTeam "Rybnik"]
[BlackTeam "Grzybowo GKSz Solny"]
[WhiteTeamCountry "POL"]
[BlackTeamCountry "POL"]

1. e4 c6 2. d4 d5 3. Nd2 dxe4 4. Nxe4 Nd7 5. Ng5 Ngf6 6. Bd3 e6 7. N1f3 Bd6 8. Qe2 h6 9. Ne4 Nxe4 10. Qxe4 Nf6 11. Qe2 b6 12. Bd2 Bb7 13. Ne5 Qc7 14. f4 0-0-0 15. 0-0 c5 16. a4 cxd4 17. a5 Nd5 18. axb6 axb6 19. Ra4 Bxe5 20. Rc4 Bf6 21. Rxc7+ Kxc7 22. Ba6 Rd6 23. Bxb7 Kxb7 24. Ra1 Ra8 25. Rxa8 Kxa8 26. Qb5 Nc7 27. Qb3 Kb7 1/2-1/2

[Event "Titled Tuesday intern op 6th Aug"]
[Site "Chess.com INT"]
[Date "2019.08.06"]
[Round "9"]
[White "Sapis, Witalis"]
[Black "Bagrationi, Alexander"]
[Result "0-1"]
[WhiteElo "2376"]
[BlackElo "2500"]
[PlyCount "104"]
[EventDate "2019.08.06"]
[EventType "swiss (blitz)"]
[EventRounds "10"]
[EventCountry "USA"]
[SourceTitle "EXT 2021"]
[Source "ChessBase"]
[SourceDate "2020.10.23"]
[SourceVersion "1"]
[SourceVersionDate "2020.10.23"]
[SourceQuality "1"]

1. d4 d5 2. c4 c6 3. Nf3 Nf6 4. Nc3 a6 5. c5 g6 6. Bf4 Bg7 7. h3 0-0 8. e3 Ne4 9. Bd3 Nxc3 10. bxc3 Nd7 11. 0-0 e5 12. Nxe5 Nxe5 13. Bxe5 Bxe5 14. dxe5 Qe7 15. f4 Qxc5 16. Qd2 f6 17. exf6 Rxf6 18. Kh1 Bf5 19. Bxf5 gxf5 20. Qd4 Qxd4 21. exd4 Re6 22. Rf3 Kf7 23. Rb1 b5 24. a4 Re2 25. axb5 axb5 26. Rbf1 Raa2 27. Rg3 Ke6 28. Rff3 Kd6 29. Rg5 h6 30. Rg6+ Kc7 31. Rfg3 h5 32. R3g5 h4 33. Rh6 Re1+ 34. Kh2 Raa1 35. Rxh4 Rh1+ 36. Kg3 Rac1 37. Rxf5 Rxc3+ 38. Kg4 b4 39. Rf7+ Kb6 40. Rhh7 Kb5 41. Kf5 b3 42. g4 Kc4 43. Rb7 Kxd4 44. g5 c5 45. g6 c4 46. g7 Rg1 47. Rh5 Rxg7 48. Rxg7 b2 49. Rb7 Rb3 50. Rxb3 cxb3 51. Ke6 b1Q 52. Rxd5+ Kc4 0-1

[Event "Titled Tuesday intern op 6th Aug"]
[Site "Chess.com INT"]
[Date "2019.08.06"]
[Round "4"]
[White "Sapis, Witalis"]
[Black "Kukavica, Tony"]
[Result "1-0"]
[WhiteElo "2376"]
[BlackElo "1979"]
[PlyCount "83"]
[EventDate "2019.08.06"]
[EventType "swiss (blitz)"]
[EventRounds "10"]
[EventCountry "USA"]
[SourceTitle "EXT 2021"]
[Source "ChessBase"]
[SourceDate "2020.10.23"]
[SourceVersion "1"]
[SourceVersionDate "2020.10.23"]
[SourceQuality "1"]

1. d4 d5 2. c4 e6 3. Nc3 Nf6 4. cxd5 exd5 5. Bg5 Be7 6. e3 c6 7. Bd3 0-0 8. Qc2 Nbd7 9. Nf3 Re8 10. h3 h6 11. Bf4 Nf8 12. 0-0-0 Ne6 13. Bh2 a5 14. g4 b5 15. Ne5 Bd7 16. f4 a4 17. f5 Nf8 18. h4 b4 19. Nxa4 Ne4 20. Bxe4 dxe4 21. Kb1 Qa5 22. b3 c5 23. Nxc5 Bxc5 24. dxc5 Bb5 25. Rd2 Rxe5 26. Bxe5 Bd3 27. Rxd3 exd3 28. Qd2 Qxc5 29. Bd4 Qc2+ 30. Qxc2 dxc2+ 31. Kb2 Nd7 32. Rc1 g6 33. Rxc2 gxf5 34. gxf5 f6 35. Rc7 Ne5 36. Bxe5 fxe5 37. Re7 Ra5 38. h5 Rc5 39. e4 Ra5 40. Rb7 Rc5 41. Rxb4 Kf7 42. Rb6 1-0

[Event "Titled Tuesday intern op 5th March"]
[Site "Chess.com INT"]
[Date "2019.03.05"]
[Round "10"]
[White "Borodavkin, Anatoly"]
[Black "Sapis, Witalis"]
[Result "0-1"]
[WhiteElo "2062"]
[BlackElo "2376"]
[PlyCount "100"]
[EventDate "2019.03.05"]
[EventType "swiss (blitz)"]
[EventRounds "10"]
[EventCountry "USA"]
[SourceTitle "EXT 2021"]
[Source "ChessBase"]
[SourceDate "2020.10.23"]
[SourceVersion "1"]
[SourceVersionDate "2020.10.23"]
[SourceQuality "1"]

1. e4 d5 2. exd5 Nf6 3. Nf3 Nxd5 4. d4 g6 5. c4 Nb6 6. c5 Nd5 7. Bc4 c6 8. 0-0 Bg7 9. Nc3 0-0 10. Qb3 Nxc3 11. bxc3 b5 12. cxb6 axb6 13. Ne5 e6 14. Bf4 Ba6 15. Rab1 Bxc4 16. Qxc4 Qd5 17. Rxb6 Rxa2 18. Qxd5 cxd5 19. Nxf7 Nd7 20. Rxe6 Rxf7 21. Bd6 Bf8 22. Re8 Kg7 23. Be5+ Nxe5 24. Rxe5 Rd7 25. f4 Rc2 26. Rf3 Rc7 27. f5 R2xc3 28. f6+ Kf7 29. Rf1 Rc1 30. Rxd5 Rxf1+ 31. Kxf1 Kxf6 32. Kf2 Ke6 33. Re5+ Kd7 34. Ke3 Bd6 35. Ra5 Bxh2 36. Ke4 Ke6 37. Ra6+ Ke7 38. g4 Rd7 39. Rb6 Kf7 40. Ra6 Kg7 41. g5 Bg1 42. d5 Bh2 43. Kd4 Re7 44. d6 Rd7 45. Kc5 Kf7 46. Kd5 Bf4 47. Rc6 Bxg5 48. Rc7 Ke8 49. Ke6 Rxd6+ 50. Kxd6 Bf4+ 0-1

[Event "Titled Tuesday intern op 5th March"]
[Site "Chess.com INT"]
[Date "2019.03.05"]
[Round "8"]
[White "O'Gorman, Tom"]
[Black "Sapis, Witalis"]
[Result "0-1"]
[WhiteElo "2241"]
[BlackElo "2376"]
[PlyCount "74"]
[EventDate "2019.03.05"]
[EventType "swiss (blitz)"]
[EventRounds "10"]
[EventCountry "USA"]
[SourceTitle "EXT 2021"]
[Source "ChessBase"]
[SourceDate "2020.10.23"]
[SourceVersion "1"]
[SourceVersionDate "2020.10.23"]
[SourceQuality "1"]

1. e4 d5 2. exd5 Nf6 3. d4 Nxd5 4. Nf3 g6 5. c4 Nb6 6. Nc3 Bg7 7. Be3 0-0 8. Qd2 Bg4 9. h3 Bxf3 10. gxf3 Nc6 11. 0-0-0 e5 12. d5 Nd4 13. f4 Nf5 14. Bd3 Nxe3 15. fxe3 exf4 16. exf4 f5 17. h4 Qf6 18. h5 c6 19. hxg6 hxg6 20. dxc6 bxc6 21. c5 Nd5 22. Bc4 Rfd8 23. Qc2 Kf8 24. Nxd5 cxd5 25. Bxd5 Rac8 26. Rh2 Qe7 27. c6 Qd6 28. Rhd2 Qxf4 29. Kb1 Rd6 30. Qb3 Rcd8 31. Qb7 Rxd5 32. Rxd5 Qe4+ 33. Ka1 Rxd5 34. Qc8+ Kf7 35. Qb7+ Kf6 36. Rc1 Rd2 37. c7 Qxb7 0-1

[Event "Titled Tuesday intern op 2nd Febr"]
[Site "Chess.com INT"]
[Date "2019.02.05"]
[Round "5"]
[White "Christensen, Janus"]
[Black "Sapis, Witalis"]
[Result "0-1"]
[WhiteElo "2093"]
[BlackElo "2376"]
[PlyCount "84"]
[EventDate "2019.02.05"]
[EventType "swiss (blitz)"]
[EventRounds "10"]
[EventCountry "USA"]
[SourceTitle "EXT 2021"]
[Source "ChessBase"]
[SourceDate "2020.10.23"]
[SourceVersion "1"]
[SourceVersionDate "2020.10.23"]
[SourceQuality "1"]

1. e4 d5 2. exd5 Nf6 3. Nc3 Nxd5 4. Bc4 c6 5. Nf3 g6 6. d4 Bg7 7. 0-0 0-0 8. h3 Be6 9. Ng5 Nxc3 10. Nxe6 Nxd1 11. Nxd8 Rxd8 12. Rxd1 Rxd4 13. Be3 Rd6 14. c3 Nd7 15. Bf4 Ne5 16. Rxd6 exd6 17. Bb3 d5 18. Rd1 Re8 19. Be3 b6 20. Kf1 Bf8 21. Bf4 f6 22. Re1 Kf7 23. Re3 Nd7 24. Rg3 Nc5 25. Bc2 Ne4 26. Rd3 Bd6 27. Be3 Bc5 28. c4 Bxe3 29. fxe3 Nc5 30. Ra3 a5 31. cxd5 cxd5 32. Rc3 Ke6 33. a3 Kd6 34. b4 axb4 35. axb4 Ne4 36. Ra3 Rc8 37. Bxe4 dxe4 38. Ra6 Kc6 39. Ra7 Rc7 40. b5+ Kd6 41. Ra6 Kc5 42. Ra4 f5 0-1

[Event "Titled Tuesday intern op 2nd Febr"]
[Site "Chess.com INT"]
[Date "2019.02.05"]
[Round "10"]
[White "Sapis, Witalis"]
[Black "Cooper, Aaron"]
[Result "1-0"]
[WhiteElo "2376"]
[BlackElo "2118"]
[PlyCount "79"]
[EventDate "2019.02.05"]
[EventType "swiss (blitz)"]
[EventRounds "10"]
[EventCountry "USA"]
[SourceTitle "EXT 2021"]
[Source "ChessBase"]
[SourceDate "2020.10.23"]
[SourceVersion "1"]
[SourceVersionDate "2020.10.23"]
[SourceQuality "1"]

1. d4 Nf6 2. Nf3 e6 3. c4 d5 4. Nc3 Nbd7 5. cxd5 exd5 6. Bg5 Be7 7. e3 c6 8. Bd3 0-0 9. Qc2 Re8 10. h3 Nf8 11. 0-0-0 Be6 12. Kb1 Rc8 13. g4 c5 14. dxc5 Rxc5 15. Nd4 Qc8 16. Rc1 a6 17. Qe2 Bd7 18. Bf5 Ne6 19. Bxf6 Bxf6 20. Qd3 Nxd4 21. exd4 Bxf5 22. gxf5 Rc4 23. Nxd5 Rxc1+ 24. Rxc1 Qd8 25. Nxf6+ Qxf6 26. a3 Rd8 27. d5 Qe5 28. d6 h6 29. Rd1 Rd7 30. Qd5 Qxd5 31. Rxd5 Kf8 32. Kc2 Ke8 33. Kd3 Rd8 34. Kd4 Rd7 35. Kc5 Kd8 36. Re5 b6+ 37. Kc6 b5 38. b4 Ra7 39. h4 Ra8 40. d7 1-0